| 000 | 00352nam a22001217a 4500 | ||
|---|---|---|---|
| 999 |
_c4505 _d4505 |
||
| 008 | 250226b ||||| |||| 00| 0 eng d | ||
| 020 | _a9781787113121 | ||
| 082 | _aE FIC GRE | ||
| 100 |
_aGREENING,ROSIE _eAUTHOR |
||
| 245 | _aLITTLE TED'S BIG HEART | ||
| 260 |
_aTHE WILDERNESS,BERKHAMSTED,HERTFORDSHIRE,HP4 2AZ,UK _bMAKE BELIEVE IDEAS LTD |
||
| 942 | _2ddc | ||